Trh práce a problém dlhodobej nezamestnanosti v slovenskej ekonomike
Aktuálna situácia na slovenskom trhu práce v porovnaní s ostatnými krajinami. Problém vysokej miery dlhodobej nezamestnanosti ako fenoménu trhu práce na Slovensku, nástroje aktívnej politiky trhu práce, pomocou ktorých možno pozitívne ovplyvniť nepriaznivú situáciu.
Na minha lista:
| Autor principal: | |
|---|---|
| Formato: | Capítulo de Livro |
| Idioma: | eslovaco |
| Assuntos: | |
| Tags: |
Sem tags, seja o primeiro a adicionar uma tag!
|
MARC
| LEADER | 00000nla a2200000 4500 | ||
|---|---|---|---|
| 001 | 0164558 | ||
| 005 | 20240502072855.2 | ||
| 041 | 0 | |a slo | |
| 044 | |a SK | ||
| 245 | 1 | 0 | |a Trh práce a problém dlhodobej nezamestnanosti v slovenskej ekonomike |c Patrik Pružinský |
| 520 | |a Aktuálna situácia na slovenskom trhu práce v porovnaní s ostatnými krajinami. Problém vysokej miery dlhodobej nezamestnanosti ako fenoménu trhu práce na Slovensku, nástroje aktívnej politiky trhu práce, pomocou ktorých možno pozitívne ovplyvniť nepriaznivú situáciu. | ||
| 610 | 2 | 0 | |a trh práce |
| 610 | 2 | 0 | |a Slovensko |
| 610 | 2 | 0 | |a miera nezamestnanosti |
| 610 | 2 | 0 | |a nezamestnanosť dlhodobá |
| 100 | 1 | |a Pružinský, Patrik | |